000 01069cam a22002771 4500
001 gs 09000145
003 DLC
005 20260227111308.0
007 cr_|||||||||||
008 850501s1909 dcubf f000 0 eng c
010 _ags 09000145
035 _a(OCoLC)11988817
040 _aLibrary, U.S. Geol. Survey
_cNRU
_dNRU
_dDLC
050 0 0 _aTC801
_b.U2 no. 231
051 _aGB705.O7
_bW4
_cCopy 2
100 1 _aWaring, Gerald A.
_q(Gerald Ashley),
_d1883-
245 0 0 _aGeology and water resources of the Harney Basin region, Oregon,
_cby Gerald A. Waring.
260 _aWashington,
_bGovt. Print. Off.,
_c1909.
300 _a93 p.
_bv pl. (incl. fold. maps, 2 in pocket)
_c23 cm.
490 0 _aGeological Survey (U.S.). Water-supply paper,
_v231
500 _aTC801.U2 no. 231 bound with Water-supply paper no. 232-no. 235 subsequent to publication.
530 _aAlso available in digital form on the Internet Archive Web site.
650 0 _aGeology
_zOregon.
650 0 _aWater-supply
_zOregon.
856 4 1 _uhttp://hdl.loc.gov/loc.gdc/scd0001.00199538524
999 _c24824
_d24824